000 00758nam a2200217 a 4500
001 38232
003 BD-RjUL
005 20211209052744.0
008 151012s1977 bg ||||| |||| 00| 0 ben d
035 _a(BD-RjUL)38337
040 _aBD-RjUL
_bben
_cBD-RjUL
041 _aben
082 _223
_a341
_bHAA 1977
100 _aহক, আবুল ফজল
_9118217
245 _aআন্তর্জাতিক আইনের মূল দলিল /
_cআবুল ফজল হক
260 _aঢাকা :
_bবাংলা একাডেমী,
_c১৯৭৭.
300 _a৪৭৮ পৃ. ;
_c২১ সেমি.
650 _aআন্তর্জাতিক আইন
_9118218
650 _aInternational law.
_9117885
942 _2ddc
_cBK
_03
999 _c38232
_d38232